Inside Java / (Record no. 517)
[ view plain ]
| 000 -LEADER | |
|---|---|
| fixed length control field | 00633nac a22001811u 4500 |
| 008 - FIXED-LENGTH DATA ELEMENTS--GENERAL INFORMATION | |
| fixed length control field | 100906s1997 ii |||||r|||| 00| 0 eng d |
| 082 00 - DEWEY DECIMAL CLASSIFICATION NUMBER | |
| Classification number | 005.133 |
| Item number | KAR |
| Edition number | 22 |
| 100 ## - MAIN ENTRY--PERSONAL NAME | |
| Personal name | Siyan, Karanjit S. |
| 9 (RLIN) | 18200 |
| 245 10 - TITLE STATEMENT | |
| Title | Inside Java / |
| Statement of responsibility, etc | Karanjit S. Siyan |
| 260 ## - PUBLICATION, DISTRIBUTION, ETC. (IMPRINT) | |
| Place of publication, distribution, etc | Indiana : |
| Name of publisher, distributor, etc | New Riders ; |
| Date of publication, distribution, etc | 1997. |
| 300 ## - PHYSICAL DESCRIPTION | |
| Extent | 912 p. : |
| Other physical details | ill. ; |
| Dimensions | 24 cm. + |
| Accompanying material | 1 computer laser optical disc (4 3/4 in.) |
| 500 ## - GENERAL NOTE | |
| General note | Includes index. |
| 650 #0 - SUBJECT ADDED ENTRY--TOPICAL TERM | |
| Topical term or geographic name as entry element | Java (Computer program language) |
| 9 (RLIN) | 18201 |
| 700 1# - ADDED ENTRY--PERSONAL NAME | |
| Personal name | Weaver, James L. |
| 9 (RLIN) | 18202 |
| 700 1# - ADDED ENTRY--PERSONAL NAME | |
| Personal name | Mathis, Jim |
| 9 (RLIN) | 18203 |
| 830 #0 - SERIES ADDED ENTRY--UNIFORM TITLE | |
| Uniform title | Java series (Mountain View, Calif.) |
| 9 (RLIN) | 18204 |
| 942 ## - ADDED ENTRY ELEMENTS (KOHA) | |
| Item type | Book - Borrowing |
| Call number prefix | 005.133S6256 |
| Source of classification or shelving scheme | Dewey Decimal Classification |
| Withdrawn status | Item status | Source of classification or shelving scheme | Damaged status | Not for loan | Vendor | Home library | Current library | Shelving location | Date acquired | Source of acquisition | Cost, normal purchase price | Total Checkouts | Total Renewals | Full call number | Barcode | Date last seen | Date last borrowed | Cost, replacement price | Koha item type |
|---|---|---|---|---|---|---|---|---|---|---|---|---|---|---|---|---|---|---|---|
| Dewey Decimal Classification | Central Library | Central Library | Lower Floor | 06/06/2016 | 308.00 | 7 | 39 | 005.133 SIY | 000004102 | 15/07/2025 | 05/03/2023 | 385.00 | Book - Borrowing | ||||||
| Dewey Decimal Classification | Central Library | Central Library | Lower Floor | 02/05/2011 | 308.00 | 005.133 SIY | 000023507 | 24/08/2022 | 385.00 | CD | DVD - With book |